000 00955nmc a2200325 a 4500
003 AR-BaBNM
005 20251128205853.0
008 018019s1997 ||||||||||||||000 | spa||
020 _a950-687-036-5
040 _cAR-BaBNM
100 1 _aBrailovsky, Antonio Elio
245 1 0 _aEl ambiente en la edad media
250 _a1ª ed.
260 _aBuenos Aires
_bConicet
_c1997
300 _a75 p.
490 0 _aProciencia Conicet
504 _aBibliografía p. 71-75
650 4 _aECOLOGIA
650 4 _aEDAD MEDIA
650 4 _aMEDIO AMBIENTE NATURAL
650 4 _aMEDIO SOCIAL
650 4 _aCULTURA ARABE
650 4 _aACTIVIDADES DE APRENDIZAJE
650 4 _aFORMACION DE DOCENTES
653 _aEDUCACION A DISTANCIA
710 _aConsejo Nacional de Investigaciones Científicas y Técnicas [Argentina]
_9CONICET
_bPrograma Prociencia
710 2 _aArgentina
_bMinisterio de Cultura y Educación
942 _cBK
998 _cCarmen
999 _c13094
_d13094